000 00517cam a22001937a 4500
001 000355
003 armpunfd
005 20140612090608.0
008 011019e1992####xx#a##########000#0#und#d
040 _aarmpunfd
_carmpunfd
080 _a347.65 F 414
100 1 0 _a Ferrer, Francisco A.M.
245 1 0 _aAcreedores del heredero y la sucesion
260 _a Buenos Aires
_b Abeledo- Perrot
_c1992
300 _a212 p.
650 7 _a Derecho De Familia
_2LEMB
942 _cLB
_2cdu
945 _aCatalis
_d2010-08-19
999 _c353
_d230857